Bài giảng sử dụng trình chiếu cơ bản
Gorde:
| Egile nagusia: | |
|---|---|
| Beste egile batzuk: | |
| Formatua: | Liburua |
| Argitaratua: |
Đồng Tháp
Đại Học Đồng Tháp
2017
|
| Gaiak: | |
| Etiketak: |
Etiketa erantsi
Etiketarik gabe, Izan zaitez lehena erregistro honi etiketa jartzen!
|
| Thư viện lưu trữ: | Trung tâm Học liệu Lê Vũ Hùng, Trường Đại học Đồng Tháp |
|---|
| LEADER | 00943pam a22003378a 4500 | ||
|---|---|---|---|
| 001 | 00036832 | ||
| 005 | 20171026081025.0 | ||
| 008 | 170330s2017 ||||||Viesd | ||
| 020 | # | # | |c 15000 |
| 041 | 0 | # | |a Vie |
| 082 | 1 | 4 | |a 005.5 |b B103GI |
| 100 | 0 | # | |a Lê, Quang Minh |e Biên soạn |
| 245 | 0 | 0 | |a Bài giảng sử dụng trình chiếu cơ bản |c Lê Quang Minh(Biên soạn)Lê Minh Cường |
| 260 | # | # | |a Đồng Tháp |b Đại Học Đồng Tháp |c 2017 |
| 300 | # | # | |a 90tr. |c 21 cm. |
| 653 | # | # | |a Bài giảng |
| 653 | # | # | |a Microsoft powerpoint |
| 653 | # | # | |a Trình chiếu |
| 653 | # | # | |a Tin học |
| 700 | 1 | # | |a Lê, Minh Cường |
| 852 | # | # | |j KD.0019680 |
| 852 | # | # | |b Kho đọc |j KD.0019680 |
| 910 | |d 30/03/2017 | ||
| 980 | # | # | |a Trung tâm Học liệu Lê Vũ Hùng, Trường Đại học Đồng Tháp |